Word Ladder: He Who Must Not Be Named Quiz Stats

 Plays Quiz Updated May 11, 2019

Score 0/14 Timer 01:30
0 Plays Today
Clue 3-Letter Word % Correct
Sing without wordsHUM
93.7%
Edge of a skirtHEM
93%
Fox homeDEN
90.8%
Simple houseHUT
89.3%
• Wiz Khalifa song: 'We ____ Boyz' •• DEM •
88.7%
Not safe, in baseballOUT
88.6%
Ingredient in bronzeTIN
88.1%
Clue 3-Letter Word % Correct
Tiny Dickensian characterTIM
86.3%
Awful noiseDIN
85.1%
Male turkeyTOM
80.6%
Binding promiseVOW
72.4%
Roadside rescueTOW
71.3%
• Scrap of leftover food •• ORT •
53.5%
• Winged heraldic symbol (or 'flight' in French) •• VOL •
48.4%

Today's Daily Dose

Word Ladder
Lean on Me

Get the Picture
Superhero by Villain

You're not logged in!

Compare scores with friends on all Sporcle quizzes.
OR
Log In

Sporcle TV

Today on Sporcle TV


Watch our educational content, quiz creation guides, and fun videos on Sporcle TV.

Show Comments

Extras

Top Quizzes Today


Score Distribution

Your Account Isn't Verified!

In order to create a playlist on Sporcle, you need to verify the email address you used during registration. Go to your Sporcle Settings to finish the process.

Report this User

Report this user for behavior that violates our Community Guidelines.

Details: